| 000 | 00610nam a2200169 4500 | ||
|---|---|---|---|
| 001 | 135697 | ||
| 003 | ES-MaACL | ||
| 005 | 20230906194932.0 | ||
| 007 | t| | ||
| 008 | 070214s1901 fr r ||||1| fre d | ||
| 100 | 1 |
_aRuiz, Juan _cArcipreste de Hita. _9100615 |
|
| 245 | 1 | 0 |
_aLibro de buen amor _b: texte du XIVe. siècle / _cJuan Ruiz, arcipreste de Hita ; publié pour la première fois avec les leçons des trois manuscrits connus par Jean Ducamin. |
| 260 |
_aToulouse : _bEdouard Privat, _c1901. |
||
| 300 |
_aLV, 342 p. ; _c20 x 14 cm. |
||
| 700 | 1 |
_aDucamin, Jean. _945800 |
|
| 852 |
_aES-MaACL _jB-2594 |
||
| 999 |
_c135697 _d135697 |
||